00690cam a22002053a 45000010005000000030006000050050017000110080041000280400015000690420007000840500011000911000038001022450147001402600029002875060030003165160020003466530049003668300028004158560041004435802PGUSA20140828083124.0040601s2004||||xxu|||||s|||||000 | eng d aPGUSAbeng adc 4aF850.51 aWebb, Stephen Palfrey,d1804-187912aA Sketch of the Causes, Operations and Results of the San Francisco Vigilance Committee of 1856h[electronic resource] /cStephen Palfrey Webb bProject Gutenberg,c2004 aPublic domain in the USA. aElectronic text aSan Francisco Committee of Vigilance of 1856 0aProject Gutenbergv580240uhttp://www.gutenberg.org/ebooks/5802